000 01054nam a2200277Ia 4500
003 OSt
005 20220930092852.0
006 a|||||r|||| 00| 0
007 ta
008 220926b |||||||| |||| 00| 0 eng d
024 _a25808
037 _cTheses
040 _aCRL
_cCRL
_beng
041 _2eng
_aeng
100 _aBhargava Eishaan Kamta
_9549910
110 _aUniversity OF Delhi. Faculty OF Medical Sciences. Department OF Otorhinolaryngology and Head and Neck Surgery
_9545259
245 0 _aStudy the role of elective neck dissection in a clinically no neck and neck cancers
260 _c2015
650 _aHEAD - DISEASES
_9200017
700 _a Dr. Anoop Raj Gu.
_9533921
700 _a Dr. P. K. Rathore Gu.
_9532901
700 _a Dr. Ravi Meher Gu.
_9546078
700 _aUniversity OF Delhi. Faculty OF Medical Sciences. Department OF Otorhinolaryngology and Head and Neck Surgery
_9545260
942 _cDIS
_2CC
999 _c884422
_d884422